1969 1405 1310 1123 1333 1017 1992 1419 1096 1297 1874 1012 1867 1264 1552 1083 1456 1584 1512 1373 1230 1976 1261 1544 1581 1549 1818 1932 1067 1495 1544 1140 1068 1767 1432 1425 1531 1885 1797 1150 1269 1832 1262 1771 1960 1949 1846 1503 1813 1494 1410 1907 1320 1734 1219 1494 1585 1576 1088 1176 1612 1551 1214 1371 1324 1271 1784 1676 1970 1220 1294 1678 1039 1726 1600 1175 1027 1669 1781 1268 1905 1840 1719 1792 1925 1877 1726 1097 1809 1893 1726 1619 1795 1995 1328 1681 1803 1921 1035 BCNSPRNW ULIB Ver.6.0+V

เปลี่ยนเป็นภาษาไทย

Change to English
 แสดงรายละเอียดบรรณานุกรม
  กลับหน้าหลัก

Brief Record : Get Marc (ISO 2709) : E-mail record : QR code < ปิดหน้าต่าง
LEADER : 00000nam 2200000uu 4500
001    13399109417
003     ULIB
008    110401s2545||||th 000 0 tha d
020    9746442481
060 04 WB105^bต641ต 2545
245 00 ตำราเวชศาสตร์ฉุกเฉิน /^cบรรณาธิการ, นครชัย เผื่อนปฐม,เมธินี ไหมแพง, ก่อพงศ์ รุกขพันธ์
260    สงขลา :^bคณะแพทยศาสตร์ มหาวิทยาลัยสงขลานครินทร,^c2545
300    [16], 576 หน้า :^bภาพประกอบ ;^c21 ซม.
650  7 เวชศาสตร์ฉุกเฉิน
700 0  นครชัย เผื่อนปฐม,^eบรรณาธิการ
700 0  เมธินี ไหมแพง,^eบรรณาธิการ
700 0  ก่อพงศ์ รุกขพันธ์,^eบรรณาธิการ
710 2  มหาวิทยาลัยสงขลานครินทร์. ^bคณะแพทยศาสตร์
945    ^p290^l0^i015159
945    ^p290^l0^i015047
945    ^p290^l0^i015045
945    ^p290^l0^i015044
945    ^p290^l0^i015046
995    ทศพร
999 ^a ใช้งานได้ทุกระบบ
รายการนี้ยังไม่มีแท็ก
คุณยังไม่ได้ล็อกอิน คุณสามารถมีกิจกรรมร่วมกับเว็บไซต์ได้ แต่ต้องล็อกอินก่อน ::
  ล็อกอิน

รายการสื่อสารสนเทศ

ลำดับที่ ประเภท เลขเรียก/บาร์โค้ด สถานที่ สถานะ
- ไม่พบข้อมูล -

รายการใกล้เคียง
    หัวเรื่อง [เวชศาสตร์ฉุกเฉิน]

BibComment


ยังไม่เคยถูกคอมเมนท์

คอมเมนท์ทรัพยากรรายการนี้
  คอมเมนท์: ตำราเวชศาสตร์ฉุกเ..


 Copyright 2026. Bcnsprnw @Library